[Event "35t. Copenhagen Open (Politiken Cup)"]
[Site "Elsinore"]
[Date "2013.08.04"]
[Round "10"]
[White "Garberg, Tore"]
[Black "Grant, Jonathan"]
[Result "1/2-1/2"]
[WhiteElo "1914"]
[BlackElo "2235"]
[PlyCount "143"]
[EventDate "2013.07.27"]
[EventType "swiss"]
[EventRounds "10"]
[EventCountry "DEN"]
[Source "ChessBase"]
[SourceDate "2013.08.26"]

1. e4 c6 2. Nc3 d5 3. Nf3 Bg4 4. d4 e6 5. Be2 Nf6 6. e5 Nfd7 7. O-O c5 8. Bf4
Nc6 9. Re1 Be7 10. dxc5 O-O 11. Qd2 Bxc5 12. h3 Bxf3 13. Bxf3 Rc8 14. Rad1 Bb4
15. Re2 Bxc3 16. bxc3 Nb6 17. Bg5 Ne7 18. Be4 dxe4 19. Qxd8 Rfxd8 20. Rxd8+
Rxd8 21. Bxe7 Rd1+ 22. Kh2 e3 23. Bc5 exf2 24. Bxf2 Rd5 25. Bxb6 axb6 26. Re4
g5 27. Rb4 b5 28. Re4 Rc5 29. Re3 h6 30. h4 gxh4 31. Kh3 Rc4 32. Rd3 Kg7 33.
Kh2 Kg6 34. a3 Re4 35. Rd7 Rxe5 36. Rxb7 Rc5 37. c4 Rxc4 38. Rxb5 Rxc2 39. Rb1
h3 40. Ra1 Rxg2+ 41. Kxh3 Rg5 42. a4 Ra5 43. Kg3 f5 44. Kf3 e5 45. Rg1+ Kf6 46.
Ra1 Ke6 47. Ke3 Kd6 48. Rd1+ Kc6 49. Rf1 e4 50. Kf4 Rc5 51. Rb1 Rd5 52. Rb2 Kc5
53. a5 Kc6 54. a6 Ra5 55. a7 Rxa7 56. Kxf5 Re7 57. Kf4 Kd5 58. Rd2+ Kc5 59. Ke3
h5 60. Rd4 Rh7 61. Rxe4 h4 62. Kf2 Kd5 63. Re8 h3 64. Kg1 h2+ 65. Kh1 Kd4 66.
Rd8+ Ke3 67. Ra8 Kf2 68. Ra2+ Kg3 69. Ra3+ Kf2 70. Ra2+ Kg3 71. Ra3+ Kf2 72.
Ra2+ 1/2-1/2

[Event "35t. Copenhagen Open (Politiken Cup)"]
[Site "Elsinore"]
[Date "2013.08.04"]
[Round "10"]
[White "Grandelius, Nils"]
[Black "Jorgensen, Dennis"]
[Result "1-0"]
[WhiteElo "2573"]
[BlackElo "2245"]
[PlyCount "97"]
[EventDate "2013.07.27"]
[EventType "swiss"]
[EventRounds "10"]
[EventCountry "DEN"]
[Source "ChessBase"]
[SourceDate "2013.08.26"]

1. e4 c6 2. d4 d5 3. e5 Bf5 4. h4 h5 5. c4 e6 6. Nc3 Ne7 7. Nge2 Nd7 8. Ng3
dxc4 9. Bxc4 Nb6 10. Be2 Bg6 11. Bg5 Qd7 12. a4 a5 13. O-O Nbd5 14. Nxh5 Nb4
15. Nf4 Bh7 16. Rc1 Ng6 17. Nxg6 Bxg6 18. h5 Be7 19. Be3 Bh7 20. Bf3 Bd3 21.
Re1 Ba6 22. Be4 O-O-O 23. Qf3 Bd3 24. Red1 Bxe4 25. Nxe4 Qe8 26. Qg4 Qg8 27. g3
Qh7 28. Bg5 Rd7 29. Bxe7 Rxe7 30. d5 Kb8 31. d6 Rd7 32. Kg2 Qh6 33. Qf3 b6 34.
Rh1 Kb7 35. Rcd1 Nd5 36. Nc3 Nb4 37. Ne4 Nd5 38. Qb3 Ka7 39. Rc1 Rc8 40. Nc3
Nb4 41. Nb5+ Kb7 42. Nd4 Qh7 43. Qf3 Nd5 44. Qe2 Nb4 45. Rc3 f6 46. Rhc1 c5 47.
Qb5 Rcd8 48. Nxe6 Qe4+ 49. f3 1-0

[Event "35t. Copenhagen Open (Politiken Cup)"]
[Site "Elsinore"]
[Date "2013.08.04"]
[Round "10"]
[White "Greibrokk, Ingrid Andrea"]
[Black "Helin, Mikael"]
[Result "0-1"]
[WhiteElo "1598"]
[BlackElo "1910"]
[PlyCount "54"]
[EventDate "2013.07.27"]
[EventType "swiss"]
[EventRounds "10"]
[EventCountry "DEN"]
[Source "ChessBase"]
[SourceDate "2013.08.26"]

1. e4 c5 2. Nf3 e6 3. d4 cxd4 4. Nxd4 a6 5. g3 Nf6 6. Bg2 h5 7. h3 Qc7 8. Nc3
Nc6 9. Nb3 Ne5 10. a3 Nc4 11. Nd2 Nxa3 12. b3 b5 13. Bxa3 b4 14. Nd5 exd5 15.
Bb2 dxe4 16. Bxf6 gxf6 17. Nxe4 Kd8 18. Nd6 Bxd6 19. Bxa8 Re8+ 20. Kf1 Bb7 21.
Bxb7 Qxb7 22. Kg1 h4 23. Qxd6 hxg3 24. Qxg3 Re5 25. h4 Qd5 26. Rxa6 Re1+ 27.
Kh2 Rxh1# 0-1

[Event "35t. Copenhagen Open (Politiken Cup)"]
[Site "Elsinore"]
[Date "2013.08.04"]
[Round "10"]
[White "Hagen, Anders Gjerdrum"]
[Black "Lindgren, Philip"]
[Result "1/2-1/2"]
[WhiteElo "2187"]
[BlackElo "2287"]
[PlyCount "96"]
[EventDate "2013.07.27"]
[EventType "swiss"]
[EventRounds "10"]
[EventCountry "DEN"]
[Source "ChessBase"]
[SourceDate "2013.08.26"]

1. d4 Nf6 2. c4 e6 3. Nc3 Bb4 4. e3 O-O 5. Bd3 d5 6. cxd5 exd5 7. Nge2 Re8 8.
Bd2 Bd6 9. Rc1 c6 10. Ng3 a5 11. Nf5 Bxf5 12. Bxf5 Nbd7 13. O-O Nf8 14. Qb3 Qe7
15. Na4 g6 16. Bh3 Ne4 17. Be1 Ng5 18. Bg4 f5 19. Be2 f4 20. Nb6 Rad8 21. Bxa5
f3 22. Bxf3 Nxf3+ 23. gxf3 Qg5+ 24. Kh1 Qh5 25. f4 Qf3+ 26. Kg1 Qg4+ 27. Kh1
Qf3+ 28. Kg1 g5 29. Qd1 Qh3 30. Rc3 Qh4 31. Nxd5 cxd5 32. Bxd8 Rxd8 33. f3 gxf4
34. e4 dxe4 35. fxe4 f3 36. Qc2 Ng6 37. Rcxf3 Bf4 38. d5 Rf8 39. Kh1 Ne5 40.
R3f2 Kh8 41. Qc3 Kg8 42. Rg2+ Ng6 43. Qb4 Bd6 44. Rxf8+ Bxf8 45. d6 Bxd6 46.
Qxd6 Qe1+ 47. Rg1 Qxe4+ 48. Rg2 Qb1+ 1/2-1/2

[Event "35t. Copenhagen Open (Politiken Cup)"]
[Site "Elsinore"]
[Date "2013.08.04"]
[Round "10"]
[White "Haldorsen, Benjamin"]
[Black "Pedersen, Hans Buus"]
[Result "1/2-1/2"]
[WhiteElo "1983"]
[BlackElo "2118"]
[PlyCount "26"]
[EventDate "2013.07.27"]
[EventType "swiss"]
[EventRounds "10"]
[EventCountry "DEN"]
[Source "ChessBase"]
[SourceDate "2013.08.26"]

1. e4 c6 2. d4 d5 3. Nc3 dxe4 4. Nxe4 Bf5 5. Ng3 Bg6 6. h4 h6 7. Nf3 Nd7 8. h5
Bh7 9. Bd3 Bxd3 10. Qxd3 e6 11. Bd2 Ngf6 12. O-O-O Qc7 13. Ne4 O-O-O 1/2-1/2

[Event "35t. Copenhagen Open (Politiken Cup)"]
[Site "Elsinore"]
[Date "2013.08.04"]
[Round "10"]
[White "Hansen, Anders"]
[Black "Leutwyler, Martin"]
[Result "0-1"]
[WhiteElo "1709"]
[BlackElo "2180"]
[PlyCount "82"]
[EventDate "2013.07.27"]
[EventType "swiss"]
[EventRounds "10"]
[EventCountry "DEN"]
[Source "ChessBase"]
[SourceDate "2013.08.26"]

1. b3 e5 2. Bb2 Nc6 3. e3 Nf6 4. Bb5 Bd6 5. Nf3 e4 6. Bxc6 dxc6 7. Ng1 O-O 8.
h3 Bf5 9. Nc3 Qe7 10. g4 Bg6 11. h4 h5 12. Qe2 Nxg4 13. O-O-O Ba3 14. Nh3 b5
15. f3 exf3 16. Qxf3 Bxb2+ 17. Kxb2 b4 18. Qxc6 bxc3+ 19. Qxc3 Qe5 20. Qxe5
Nxe5 21. Nf4 Rad8 22. d3 Rd6 23. e4 Rfd8 24. Rdg1 Rf6 25. Nd5 Rf2 26. Rg5 Nxd3+
27. Kc3 Nf4 28. Ne7+ Kf8 29. Nxg6+ fxg6 30. Ra5 Rdd2 31. Rxa7 Rxc2+ 32. Kd4
Ne6+ 33. Ke5 Ke7 34. Rd1 Rxa2 35. Rb7 Rfd2 36. Rxd2 Rxd2 37. Ra7 Rb2 38. Ra6
Nf8 39. Ra7 Nd7+ 40. Kd4 Rxb3 41. Rxc7 Rh3 0-1

[Event "35t. Copenhagen Open (Politiken Cup)"]
[Site "Elsinore"]
[Date "2013.08.04"]
[Round "10"]
[White "Hansen, Martin Mandrup"]
[Black "Norlander, Svante"]
[Result "0-1"]
[WhiteElo "1537"]
[BlackElo "1796"]
[PlyCount "62"]
[EventDate "2013.07.27"]
[EventType "swiss"]
[EventRounds "10"]
[EventCountry "DEN"]
[Source "ChessBase"]
[SourceDate "2013.08.26"]

1. d4 Nf6 2. c4 c5 3. d5 b5 4. b3 g6 5. Bb2 Bg7 6. e4 d6 7. Nf3 Nbd7 8. Bd3
bxc4 9. bxc4 O-O 10. Nbd2 Qc7 11. O-O e6 12. dxe6 fxe6 13. Ng5 Re8 14. f4 Nf8
15. f5 e5 16. fxg6 Nxg6 17. Be2 Nf4 18. Rf2 h6 19. Ngf3 Ng4 20. Rf1 Ne3 21. Qb3
Nxe2+ 22. Kf2 Nxf1 23. Kxe2 Nxd2 24. Kxd2 Qf7 25. Qd3 Be6 26. Ke1 Red8 27. Kf2
Rab8 28. Bc3 Bxc4 29. Qd2 Ba6 30. Kg1 Qc4 31. Rc1 Qxe4 0-1

[Event "35t. Copenhagen Open (Politiken Cup)"]
[Site "Elsinore"]
[Date "2013.08.04"]
[Round "10"]
[White "Hansen, Morten Moller"]
[Black "Andersen, Dag"]
[Result "1/2-1/2"]
[WhiteElo "2126"]
[BlackElo "1860"]
[PlyCount "119"]
[EventDate "2013.07.27"]
[EventType "swiss"]
[EventRounds "10"]
[EventCountry "DEN"]
[Source "ChessBase"]
[SourceDate "2013.08.26"]

1. d4 Nf6 2. c4 e6 3. Nc3 Bb4 4. Qb3 Bxc3+ 5. Qxc3 Ne4 6. Qc2 f5 7. Nf3 O-O 8.
e3 Nc6 9. a3 d6 10. Bd3 Nf6 11. O-O Qe8 12. Bd2 Bd7 13. Bc3 Ne7 14. Nd2 Ng6 15.
f3 b5 16. Rae1 bxc4 17. Bxc4 Bb5 18. Ba5 Rc8 19. Qb3 Bxc4 20. Nxc4 Rb8 21. Qa2
Qd7 22. Rc1 Rfc8 23. Rfd1 Kh8 24. Be1 Nd5 25. b4 h5 26. g3 Qe7 27. Qg2 Rf8 28.
Bd2 Qf6 29. Qh3 h4 30. Be1 Kg8 31. Rd2 hxg3 32. hxg3 Kf7 33. e4 Rh8 34. Qg2
Nde7 35. Ne3 Rbc8 36. f4 fxe4 37. Qxe4 Nf5 38. Nxf5 exf5 39. Qd5+ Kf8 40. Re2
Ne7 41. Qe6 Qxe6 42. Rxe6 Kf7 43. Re2 Nd5 44. Kg2 Rh6 45. Bf2 Rch8 46. Rc6 Re6
47. Rxe6 Kxe6 48. Ra6 Ra8 49. Kf3 g6 50. Ke2 Kd7 51. Kd3 c6 52. Be1 Kc7 53. Ra5
Kb6 54. a4 Re8 55. Bd2 a6 56. b5 cxb5 57. axb5 axb5 58. Ra1 Rh8 59. Rg1 Nf6 60.
Be3 1/2-1/2

[Event "35t. Copenhagen Open (Politiken Cup)"]
[Site "Elsinore"]
[Date "2013.08.04"]
[Round "10"]
[White "Hansen, Rasmus Agertoft"]
[Black "Kopperberg, Steen"]
[Result "1-0"]
[WhiteElo "1945"]
[BlackElo "1777"]
[PlyCount "103"]
[EventDate "2013.07.27"]
[EventType "swiss"]
[EventRounds "10"]
[EventCountry "DEN"]
[Source "ChessBase"]
[SourceDate "2013.08.26"]

1. e4 e6 2. d4 d5 3. exd5 exd5 4. Nc3 Nf6 5. Bd3 Bd6 6. Nge2 c6 7. Bg5 Be6 8.
Qd2 Nbd7 9. h3 Qc7 10. f4 h6 11. Bxf6 Nxf6 12. O-O O-O-O 13. Na4 g6 14. b4 Ne4
15. Bxe4 dxe4 16. Qe3 Bc4 17. d5 b5 18. Nc5 Bxc5 19. bxc5 cxd5 20. Rf2 Bxe2 21.
Rxe2 Qc6 22. Qd4 Rhe8 23. a4 Re7 24. axb5 Qxb5 25. Re3 Rc7 26. Rc3 Qb2 27. Re1
Qb5 28. Kh2 a5 29. Ra1 Qb4 30. Qf6 d4 31. Rb3 Qxc5 32. Qa6+ Kd7 33. Rxa5 Qd6
34. Qb5+ Ke7 35. Qf1 Rxc2 36. Re5+ Kf8 37. Rxe4 d3 38. Qa1 Kg8 39. Rbb4 Qc6 40.
Qa5 Ra8 41. Qe5 Rc1 42. Rb8+ Rxb8 43. Qxb8+ Kg7 44. Re8 Qc7 45. Qb2+ Rc3 46.
Qb4 Rc1 47. Qd4+ f6 48. Rd8 Qc6 49. Rd6 Qc7 50. Qxf6+ Kg8 51. Rd8+ Kh7 52. Rh8#
1-0

[Event "35t. Copenhagen Open (Politiken Cup)"]
[Site "Elsinore"]
[Date "2013.08.04"]
[Round "10"]
[White "Hansen, Tommy"]
[Black "Jacobsen, Caroline Beer"]
[Result "1-0"]
[WhiteElo "1804"]
[BlackElo "1585"]
[PlyCount "81"]
[EventDate "2013.07.27"]
[EventType "swiss"]
[EventRounds "10"]
[EventCountry "DEN"]
[Source "ChessBase"]
[SourceDate "2013.08.26"]

1. e4 e5 2. Nf3 Nc6 3. Bb5 a6 4. Ba4 Nf6 5. Qe2 b5 6. Bb3 Be7 7. c3 O-O 8. O-O
d6 9. Rd1 Bg4 10. h3 Bh5 11. d3 Na5 12. g4 Bg6 13. Nbd2 Nxb3 14. axb3 c5 15. c4
h6 16. Nf1 Nh7 17. Ne3 Ng5 18. Kg2 Nxf3 19. Qxf3 Bg5 20. Nd5 Bxc1 21. Rdxc1 f6
22. cxb5 axb5 23. Rxa8 Qxa8 24. Ne7+ Kh7 25. Nxg6 Kxg6 26. Qf5+ Kf7 27. Qd7+
Kg6 28. Qxb5 Rb8 29. Qd7 Qa6 30. Rc3 Rb4 31. Qe6 Rd4 32. Rxc5 Qb7 33. Rd5 Qxb3
34. Qf5+ Kf7 35. Rxd4 exd4 36. Qd5+ Qxd5 37. exd5 g6 38. Kf3 Ke7 39. Ke4 Kd7
40. h4 Ke7 41. h5 1-0

[Event "35t. Copenhagen Open (Politiken Cup)"]
[Site "Elsinore"]
[Date "2013.08.04"]
[Round "10"]
[White "Hedin, Niclas"]
[Black "Eddy, Samuel"]
[Result "1/2-1/2"]
[WhiteElo "1969"]
[BlackElo "2096"]
[PlyCount "114"]
[EventDate "2013.07.27"]
[EventType "swiss"]
[EventRounds "10"]
[EventCountry "DEN"]
[Source "ChessBase"]
[SourceDate "2013.08.26"]

1. c4 g6 2. g3 Bg7 3. Bg2 e5 4. Nc3 d6 5. e4 Nc6 6. Nge2 f5 7. d3 Nf6 8. O-O
O-O 9. h3 Nh5 10. f4 exf4 11. gxf4 Nd4 12. Rb1 fxe4 13. dxe4 Nxe2+ 14. Nxe2 Qh4
15. Qd3 Bd7 16. b4 Rae8 17. Bd2 Bh6 18. c5 d5 19. Qxd5+ Be6 20. Qxb7 Bxh3 21.
Be1 Qg4 22. Qd5+ Rf7 23. Rf2 Nf6 24. Qd3 Nxe4 25. Qxh3 Nxf2 26. Qxg4 Nxg4 27.
Nc3 Ne3 28. Bc6 Rd8 29. Nb5 a6 30. Na7 Rxf4 31. b5 Rf1+ 32. Kh2 Bf4+ 33. Kh3
axb5 34. Nxb5 Rd2 35. Bxd2 Rxb1 36. Nxc7 Rg1 37. Bxe3 Rg3+ 38. Kh4 g5+ 39. Kh5
Rxe3 40. Bd5+ Kg7 41. Nb5 Kf6 42. Bb7 Re5 43. Nc3 Ke7 44. Nd5+ Kd8 45. Kh6 Re2
46. Kxh7 Rxa2 47. Kg6 Ra5 48. c6 Bc7 49. Ne3 Re5 50. Ng4 Ra5 51. Kh5 Ke7 52.
Bc8 Kd6 53. Bd7 Bd8 54. Ne3 Kc7 55. Ng4 Be7 56. Nh6 Ra1 57. Ng4 Rh1+ 1/2-1/2

[Event "35t. Copenhagen Open (Politiken Cup)"]
[Site "Elsinore"]
[Date "2013.08.04"]
[Round "10"]
[White "Heedt, Thorsten"]
[Black "Taksrud, Vidar"]
[Result "1-0"]
[WhiteElo "2173"]
[BlackElo "2050"]
[PlyCount "79"]
[EventDate "2013.07.27"]
[EventType "swiss"]
[EventRounds "10"]
[EventCountry "DEN"]
[Source "ChessBase"]
[SourceDate "2013.08.26"]

1. Nf3 Nf6 2. d4 d5 3. g3 e6 4. Bg2 c6 5. O-O Be7 6. b3 O-O 7. Bb2 Nbd7 8. Nbd2
a5 9. a3 a4 10. b4 b5 11. Ne5 Nxe5 12. dxe5 Nd7 13. Nf3 Qc7 14. e4 dxe4 15. Nd4
Nxe5 16. Bxe4 f5 17. Nxb5 Qb8 18. Bxe5 Qxb5 19. Qd4 Rd8 20. Bd3 Qb7 21. Qc3 c5
22. b5 Bf8 23. Rab1 Qf7 24. Be2 Bb7 25. Bf3 Bxf3 26. Qxf3 Rd5 27. c4 Rdd8 28.
b6 Rab8 29. Bxb8 Rxb8 30. b7 Qc7 31. Rfd1 g6 32. Qd3 Rxb7 33. Rxb7 Qxb7 34. Qd7
Qa6 35. Qb5 Qa8 36. Re1 Qc8 37. Qxa4 Bg7 38. Rd1 Bd4 39. Qa7 e5 40. Rb1 1-0

[Event "35t. Copenhagen Open (Politiken Cup)"]
[Site "Elsinore"]
[Date "2013.08.04"]
[Round "10"]
[White "Henninger, Holger"]
[Black "Andersen, Daniel"]
[Result "0-1"]
[WhiteElo "1759"]
[BlackElo "1917"]
[PlyCount "60"]
[EventDate "2013.07.27"]
[EventType "swiss"]
[EventRounds "10"]
[EventCountry "DEN"]
[Source "ChessBase"]
[SourceDate "2013.08.26"]

1. e4 c5 2. Nf3 d6 3. d4 cxd4 4. Nxd4 Nf6 5. Nc3 g6 6. f3 Bg7 7. Be3 O-O 8. Qd2
Nc6 9. O-O-O Bd7 10. Kb1 Rc8 11. g4 Na5 12. h4 h5 13. gxh5 Nxh5 14. Rg1 Nc4 15.
Bxc4 Rxc4 16. f4 e5 17. fxe5 Bxe5 18. Qe2 Rxc3 19. bxc3 Qxh4 20. Bg5 Qh2 21.
Rg2 Qh3 22. Kb2 Ng3 23. Rxg3 Qxg3 24. Qd2 a6 25. Be3 Qg4 26. Qd3 Rc8 27. Rg1
Qh3 28. Ne2 Bb5 29. Qd2 Bxe2 30. Qxe2 Rxc3 0-1

[Event "35t. Copenhagen Open (Politiken Cup)"]
[Site "Elsinore"]
[Date "2013.08.04"]
[Round "10"]
[White "Henriksen, Geir Ivar"]
[Black "Merkesvik, Sondre"]
[Result "1/2-1/2"]
[WhiteElo "2215"]
[BlackElo "1980"]
[PlyCount "21"]
[EventDate "2013.07.27"]
[EventType "swiss"]
[EventRounds "10"]
[EventCountry "DEN"]
[Source "ChessBase"]
[SourceDate "2013.08.26"]

1. c4 Nf6 2. g3 g6 3. Bg2 d5 4. cxd5 Nxd5 5. Nc3 Nxc3 6. bxc3 Bg7 7. Nf3 O-O 8.
O-O c5 9. Qa4 Nc6 10. Rb1 Qc7 11. Qh4 1/2-1/2

[Event "35t. Copenhagen Open (Politiken Cup)"]
[Site "Elsinore"]
[Date "2013.08.04"]
[Round "10"]
[White "Hinrichs, Jan"]
[Black "Pettersen, Joar Gullestad"]
[Result "1/2-1/2"]
[WhiteElo "2072"]
[BlackElo "1944"]
[PlyCount "40"]
[EventDate "2013.07.27"]
[EventType "swiss"]
[EventRounds "10"]
[EventCountry "DEN"]
[Source "ChessBase"]
[SourceDate "2013.08.26"]

1. e4 e5 2. Nf3 Nc6 3. Bc4 Bc5 4. O-O Nf6 5. d4 Bxd4 6. Nxd4 Nxd4 7. f4 d6 8.
fxe5 dxe5 9. Bg5 Qe7 10. c3 Nc6 11. Kh1 Bd7 12. Na3 O-O-O 13. Qf3 Be6 14. Bd5
h6 15. Bxf6 Qxf6 16. Qxf6 gxf6 17. c4 f5 18. Bxc6 bxc6 19. exf5 Bd7 20. Rad1
Rhg8 1/2-1/2

[Event "35t. Copenhagen Open (Politiken Cup)"]
[Site "Elsinore"]
[Date "2013.08.04"]
[Round "10"]
[White "Holm, Kristian Stuvik"]
[Black "Argandona Riveiro, Inigo"]
[Result "1/2-1/2"]
[WhiteElo "2255"]
[BlackElo "2388"]
[PlyCount "159"]
[EventDate "2013.07.27"]
[EventType "swiss"]
[EventRounds "10"]
[EventCountry "DEN"]
[Source "ChessBase"]
[SourceDate "2013.08.26"]

1. d4 d6 2. c4 e5 3. Nf3 Nd7 4. Nc3 Ngf6 5. g3 Be7 6. Bg2 O-O 7. O-O Re8 8. h3
Bf8 9. e4 exd4 10. Nxd4 a5 11. Re1 c6 12. b3 Nc5 13. Bb2 Qb6 14. Rb1 Be6 15.
Nxe6 Rxe6 16. Bc1 Qc7 17. Ba3 Nfd7 18. Qd2 Rae8 19. Rbd1 Qb6 20. Kh2 Ne5 21. f4
Ned3 22. Re3 Nb4 23. Re2 g6 24. f5 R6e7 25. Rf1 Nbd3 26. Na4 Qd8 27. Rd1 Rd7
28. Qc2 Nb4 29. Bxb4 axb4 30. Nxc5 dxc5 31. Rxd7 Qxd7 32. Rd2 Qc7 33. Qd3 Bg7
34. fxg6 hxg6 35. Qd7 Qb8 36. h4 Bd4 37. Rd1 Rd8 38. Qe7 Re8 39. Qd7 Qc8 40.
Qxc8 Rxc8 41. Rd2 Ra8 42. Kh3 Bc3 43. Re2 Rd8 44. Bf3 Be5 45. Rc2 Rd3 46. Kg2
Kg7 47. Kf2 Bd4+ 48. Kg2 Kf6 49. h5 g5 50. Bg4 Be5 51. Rf2+ Kg7 52. Rf3 Rd4 53.
h6+ Kf8 54. Be6 Rd2+ 55. Kf1 f6 56. Rf2 Rd6 57. h7 Kg7 58. Rh2 Kh8 59. Bf5 Bxg3
60. Rh6 Be5 61. Rg6 Kxh7 62. Rxf6+ Kg7 63. Rxd6 Bxd6 64. Bc8 b6 65. Bd7 Kf6 66.
Bxc6 Ke5 67. Ke2 Kf4 68. e5 Bxe5 69. Bg2 Bc7 70. Bc6 Bd8 71. Bd5 Ke5 72. Kd3 b5
73. Bc6 bxc4+ 74. Kxc4 Be7 75. Kd3 Kf4 76. Ke2 Bf6 77. Kf2 Bg7 78. Bd5 Ke5 79.
Bc4 Kd4 80. Kg2 1/2-1/2

[Event "35t. Copenhagen Open (Politiken Cup)"]
[Site "Elsinore"]
[Date "2013.08.04"]
[Round "10"]
[White "Hyldkrog, Lars"]
[Black "Jacobsen, Mikkel Manosri"]
[Result "1/2-1/2"]
[WhiteElo "2009"]
[BlackElo "1928"]
[PlyCount "65"]
[EventDate "2013.07.27"]
[EventType "swiss"]
[EventRounds "10"]
[EventCountry "DEN"]
[Source "ChessBase"]
[SourceDate "2013.08.26"]

1. e4 c6 2. d4 d5 3. Nc3 dxe4 4. Nxe4 Bf5 5. Ng3 Bg6 6. h4 h6 7. Nf3 Nd7 8. h5
Bh7 9. Bd3 Bxd3 10. Qxd3 Ngf6 11. Bd2 e6 12. O-O-O Bd6 13. Ne4 Nxe4 14. Qxe4
Qc7 15. Qg4 O-O-O 16. Qxg7 Rhg8 17. Qxh6 Rxg2 18. Rdf1 c5 19. Rhg1 Rxg1 20.
Rxg1 cxd4 21. Nxd4 Be5 22. Qe3 Qb6 23. Nb3 Qxe3 24. Bxe3 Rh8 25. h6 Kc7 26. c3
Nb6 27. Rh1 Nd5 28. Kc2 Bf4 29. Bxf4+ Nxf4 30. h7 Nd5 31. Rh6 Kd7 32. Nd4 Ke7
33. Kd3 1/2-1/2

[Event "35t. Copenhagen Open (Politiken Cup)"]
[Site "Elsinore"]
[Date "2013.08.04"]
[Round "10"]
[White "Jensen, Ib"]
[Black "Christiansen, Jens Jorgen"]
[Result "1/2-1/2"]
[WhiteElo "1977"]
[BlackElo "2121"]
[PlyCount "100"]
[EventDate "2013.07.27"]
[EventType "swiss"]
[EventRounds "10"]
[EventCountry "DEN"]
[Source "ChessBase"]
[SourceDate "2013.08.26"]

1. d4 d5 2. Nf3 Nf6 3. Bf4 c5 4. e3 Qb6 5. Qc1 Nc6 6. c3 Bf5 7. Nbd2 e6 8. h3
Rc8 9. dxc5 Bxc5 10. Nb3 Be7 11. Nbd4 Bg6 12. Nxc6 bxc6 13. Be2 O-O 14. O-O a5
15. Rd1 a4 16. Nd4 Nd7 17. Nc2 e5 18. Bg3 f5 19. f4 Nc5 20. Bf3 e4 21. Be2 Ne6
22. Nd4 c5 23. Nxe6 Qxe6 24. Rd2 d4 25. exd4 cxd4 26. Rxd4 Bc5 27. Bf2 Bxd4 28.
Bxd4 Rfd8 29. Qd1 Ra8 30. Qf1 Bf7 31. Qf2 Rab8 32. Qg3 Qg6 33. Qh4 Re8 34. c4
Rec8 35. Rc1 Qd6 36. Be5 Qc5+ 37. Kh2 Rb7 38. Qg3 Be6 39. Qc3 Rd7 40. b4 axb3
41. axb3 Qf2 42. Rc2 Rcd8 43. c5 e3 44. Bc4 Rd2 45. Bxe6+ Kf8 46. Bxg7+ Ke8 47.
Bf7+ Kxf7 48. Qf6+ Kg8 49. Qe6+ Kxg7 50. Qe7+ Kg8 1/2-1/2

[Event "35t. Copenhagen Open (Politiken Cup)"]
[Site "Elsinore"]
[Date "2013.08.04"]
[Round "10"]
[White "Jensen, Tobias Ilsoe"]
[Black "Brorsen, Jacob Abildlund"]
[Result "0-1"]
[WhiteElo "1954"]
[BlackElo "2142"]
[PlyCount "62"]
[EventDate "2013.07.27"]
[EventType "swiss"]
[EventRounds "10"]
[EventCountry "DEN"]
[Source "ChessBase"]
[SourceDate "2013.08.26"]

1. d4 g6 2. c4 Bg7 3. Nc3 d6 4. e4 e5 5. d5 f5 6. exf5 gxf5 7. Qh5+ Kf8 8. Bg5
Nf6 9. Bd3 Na6 10. Qe2 Kf7 11. O-O-O Rf8 12. f4 e4 13. Bb1 Qe8 14. h3 Kg8 15.
g4 Qg6 16. Qg2 Nc5 17. Nge2 Bd7 18. Rhg1 Rae8 19. Nd4 fxg4 20. Bxf6 Qxf6 21.
Nce2 gxh3 22. Qg3 Re7 23. Rdf1 Bf5 24. Nxf5 Qxb2+ 25. Kd1 Qxb1+ 26. Nc1 Rxf5
27. Qxh3 e3 28. Rxg7+ Rxg7 29. Qxe3 Qe4 30. Qh3 Rg2 31. Qc3 Na4 0-1

[Event "35t. Copenhagen Open (Politiken Cup)"]
[Site "Elsinore"]
[Date "2013.08.04"]
[Round "10"]
[White "Jepsen, Thomas Tange"]
[Black "Bach, Matthias"]
[Result "1/2-1/2"]
[WhiteElo "2079"]
[BlackElo "2251"]
[PlyCount "108"]
[EventDate "2013.07.27"]
[EventType "swiss"]
[EventRounds "10"]
[EventCountry "DEN"]
[Source "ChessBase"]
[SourceDate "2013.08.26"]

1. d4 d6 2. c4 Nd7 3. e4 c5 4. d5 a6 5. Nc3 e5 6. Be2 Ne7 7. Qc2 Ng6 8. Nf3 Be7
9. Bd2 Nf4 10. O-O-O Nxe2+ 11. Nxe2 b5 12. Ng3 g6 13. Kb1 Qb6 14. Bh6 bxc4 15.
Nd2 Qb5 16. Nxc4 Nb6 17. Nxb6 Qxb6 18. h4 Rg8 19. Rd3 Bd7 20. Rf3 f6 21. Rb3
Qc7 22. Qe2 Kf7 23. Bc1 Rab8 24. Ra3 c4 25. Ka1 Rb4 26. Qe3 Rgb8 27. Qh6 Ke8
28. Qxh7 Kd8 29. Rc3 Qb7 30. Rc2 c3 31. Qg8+ Be8 32. Rxc3 Rxb2 33. Rc8+ Qxc8
34. Bxb2 Qc2 35. Rb1 Rb7 36. h5 gxh5 37. Nxh5 Qxe4 38. Ng7 Qg6 39. Qxe8+ Qxe8
40. Nxe8 Kxe8 41. Ba3 Rb5 42. Rxb5 axb5 43. Kb2 Kd7 44. Kb3 Bd8 45. f3 Bb6 46.
Bc1 Bc5 47. a4 bxa4+ 48. Kxa4 Ke7 49. Kb5 f5 50. Kc4 e4 51. Bf4 Kf6 52. fxe4
fxe4 53. g4 Kg6 54. Bxd6 Bxd6 1/2-1/2

[Event "35t. Copenhagen Open (Politiken Cup)"]
[Site "Elsinore"]
[Date "2013.08.04"]
[Round "10"]
[White "Justinussen, Sigurd B"]
[Black "Heimisson, Hilmir Freyr"]
[Result "1/2-1/2"]
[WhiteElo "1970"]
[BlackElo "1690"]
[PlyCount "21"]
[EventDate "2013.07.27"]
[EventType "swiss"]
[EventRounds "10"]
[EventCountry "DEN"]
[Source "ChessBase"]
[SourceDate "2013.08.26"]

1. e4 e6 2. d4 d5 3. exd5 exd5 4. Bd3 Bd6 5. Nf3 Nf6 6. O-O O-O 7. Bg5 Bg4 8.
Nbd2 Nbd7 9. c3 c6 10. Qc2 Qc7 11. Rfe1 1/2-1/2

[Event "35t. Copenhagen Open (Politiken Cup)"]
[Site "Elsinore"]
[Date "2013.08.04"]
[Round "10"]
[White "Klings, Peter"]
[Black "Petersen, Martin Reib"]
[Result "1-0"]
[WhiteElo "2167"]
[BlackElo "2009"]
[PlyCount "59"]
[EventDate "2013.07.27"]
[EventType "swiss"]
[EventRounds "10"]
[EventCountry "DEN"]
[Source "ChessBase"]
[SourceDate "2013.08.26"]

1. g3 e5 2. Bg2 Nc6 3. d3 h5 4. Nf3 Bc5 5. c4 d6 6. Nc3 Nge7 7. a3 a6 8. h3 f6
9. e3 Bf5 10. b4 Bb6 11. Bb2 Qd7 12. Qe2 g5 13. Nd2 Nd8 14. Rc1 c6 15. Nce4 Qe6
16. c5 Bc7 17. cxd6 Bxd6 18. d4 Bxe4 19. Nxe4 Nf7 20. O-O Rh6 21. Nxd6+ Qxd6
22. Rfd1 Qe6 23. Qc4 f5 24. dxe5 Nxe5 25. Qd4 Nd7 26. Rd2 Nf6 27. Qb6 Qc8 28.
Rcd1 Nfd5 29. Bxd5 Nxd5 30. Rxd5 1-0

[Event "35t. Copenhagen Open (Politiken Cup)"]
[Site "Elsinore"]
[Date "2013.08.04"]
[Round "10"]
[White "Kristensen, Kjell Ole"]
[Black "Henrichsen, Jens"]
[Result "1-0"]
[WhiteElo "2141"]
[BlackElo "1937"]
[PlyCount "106"]
[EventDate "2013.07.27"]
[EventType "swiss"]
[EventRounds "10"]
[EventCountry "DEN"]
[Source "ChessBase"]
[SourceDate "2013.08.26"]

1. e4 c5 2. Nf3 Nc6 3. d4 cxd4 4. Nxd4 Nf6 5. Nc3 e5 6. Ndb5 d6 7. Bg5 a6 8.
Bxf6 gxf6 9. Na3 b5 10. Nd5 f5 11. Bd3 Be6 12. c3 Bg7 13. Nc2 O-O 14. O-O f4
15. a4 bxa4 16. Rxa4 a5 17. Kh1 f5 18. f3 Kh8 19. Rg1 Bxd5 20. exd5 Ne7 21. c4
Rf6 22. b4 Rh6 23. Qd2 Nxd5 24. Bxf5 Nb6 25. Rxa5 Nxc4 26. Rxa8 Qxa8 27. Qd3 d5
28. Ra1 Qb7 29. Be4 Nb6 30. Qb5 Re6 31. Bf5 Qc6 32. Qc5 Rf6 33. Ra6 Bf8 34. Qf2
d4 35. Be4 Qc8 36. Ra7 Rh6 37. h3 Qc4 38. Qd2 Qf1+ 39. Kh2 Nc4 40. Qd3 Qf2 41.
Bf5 Ne3 42. Nxe3 Qg3+ 43. Kg1 fxe3 44. Qe4 Qf4 45. Qd3 e2 46. Kf2 e1=Q+ 47.
Kxe1 Qc1+ 48. Kf2 Qb2+ 49. Kg1 Qxb4 50. Qe4 Qc5 51. Rf7 d3+ 52. Kh2 d2 53. Qb7
Bg7 1-0